| 000 | 00460cam a22001457a 4500 | ||
|---|---|---|---|
| 008 | 180718b2001 xxu||||| |||| 00| 0 eng d | ||
| 020 | _a8176292117 | ||
| 082 | _aA99/Am16 B179 | ||
| 245 |
_aPolitical ideology of B.R. Ambedkar _cedited by S.R. Bakshi |
||
| 260 |
_aNew Delhi _bDeep & Deep _c2001 |
||
| 300 | _a263p. | ||
| 650 | _aAmberdkar, B.R. - Views on political philosophy | ||
| 650 | _aAmbedkar, B.R. - Criticim and interpretion | ||
| 700 | _aBakshi, S.R. | ||
| 999 |
_c402847 _d402847 |
||